000 00326nam a22001457a 4500
008 210311b ||||| |||| 00| 0 eng d
020 _a0822435853
041 _aeng
080 _a37
082 _a37
100 _a25
101 _aEDU
245 _aA Guide to 85 Tests for Special Education
_c Compton,C
942 _2udc
_cBK
999 _c56413
_d56413